[Event "Washington Class Championships"]
[Site "Lynnwood, WA"]
[Date "2014.11.29"]
[Round "4"]
[White "Nagase Masayuki  (WA)"]
[Black "Kenney Jason  (CAN)"]
[Result "1/2-1/2"]
[WhiteElo "2011"]
[BlackElo "2158"]
[Annotator ""]
[Source ""]
[Remark "Master"]

1.d4 Nf6 2.c4 g6 3.Nc3 Bg7 4.e4 d6 5.f3 O-O 6.Be3 c5 7.Nge2 Nc6
8.Qd2 cxd4 9.Nxd4 Nxd4 10.Bxd4 Be6 11.Be2 a5 12.b3 Nd7 13.Nd5
Bxd5 14.exd5 Bxd4 15.Qxd4 Qb6 16.Qxb6 Nxb6 17.Kf2 Rfc8 18.a4
Nd7 19.Bd3 Nc5 20.Bc2 Re8 21.Rad1 Ra6 22.Rhe1 Rb6 23.Re3 Ra6
24.h4 Raa8 1/2-1/2

[Event "Washington Class Championships"]
[Site "Lynnwood, WA"]
[Date "2014.11.30"]
[Round "6"]
[White "Varner Murlin  (WA)"]
[Black "Lee Addison  (WA)"]
[Result "1/2-1/2"]
[WhiteElo "1517"]
[BlackElo "1523"]
[Annotator ""]
[Source ""]
[Remark "Class C"]

1.c4 Nf6 2.g3 e6 3.Bg2 d5 4.cxd5 exd5 5.Nf3 g6 6.O-O Bg7 7.d4
O-O 8.Bg5 c6 9.Nc3 h6 10.Bf4 Bf5 11.Qc1 Kh7 12.Be5 Nbd7 13.Nh4
Be6 14.e3 Nxe5 15.dxe5 Nd7 16.f4 Qb6 17.Kh1 Nc5 18.Qc2 Qc7 19.b4
Na6 20.a3 Qb6 21.Rae1 Nc7 22.Rf2 Nb5 23.Nxb5 Qxb5 24.f5 gxf5
25.Nxf5 Bxf5 26.Qxf5+ Kg8 27.Ref1 Rae8 28.Qd7 Rd8 29.Qe7 Rde8
30.Qd7 Rd8 31.Qe7 1/2-1/2

[Event "Washington Class Championships"]
[Site "Lynnwood, WA"]
[Date "2014.11.29"]
[Round "4"]
[White "Jiang Peiqi (Tony)  (WA)"]
[Black "Abdul-Mujeeb Numan  (WA)"]
[Result "1/2-1/2"]
[WhiteElo "1719"]
[BlackElo "1697"]
[Annotator ""]
[Source ""]
[Remark "Class A"]

1.d4 e6 2.c4 d5 3.Nc3 Nf6 4.Nf3 c6 5.Bg5 Be7 6.e3 Nbd7 7.cxd5
exd5 8.Bd3 O-O 9.O-O Nb6 10.Qc2 g6 11.Rfe1 Be6 12.Bh6 Re8 13.Ne2
Bf8 14.Bxf8 Rxf8 15.Nf4 Nfd7 16.Nxe6 fxe6 17.e4 Rxf3 18.gxf3
Qg5+ 19.Kh1 Rf8 20.Re3 Rf4 21.Rg1 Qf6 22.Qe2 Qxd4 23.exd5 exd5
24.Re7 Qf6 25.Rg3 Nc5 26.Bb1 d4 27.Rh3 d3 28.Bxd3 Nxd3 29.Re8+
Kg7 30.Qxd3 Nd5 31.Qe2 Rd4 1/2-1/2

[Event "Washington Class Championships"]
[Site "Lynnwood, WA"]
[Date "2014.11.29"]
[Round "3"]
[White "Mathews Daniel  (WA)"]
[Black "Bailey Daniel  (WA)"]
[Result "1/2-1/2"]
[WhiteElo "1760"]
[BlackElo "1759"]
[Annotator ""]
[Source ""]
[Remark "Class B"]

1.d4 d5 2.Nf3 Nf6 3.g3 Bf5 4.Bg2 c6 5.O-O h6 6.Nc3 Nbd7 7.b3
e6 8.Bb2 Bd6 9.a4 Qe7 10.Nd2 O-O 11.e4 Nxe4 12.Ndxe4 dxe4 13.Nxe4
Bxe4 14.Bxe4 Rae8 15.c4 e5 16.Bg2 Nf6 17.dxe5 Bxe5 18.Bxe5 Qxe5 1/2-1/2

[Event "Washington Class Championships"]
[Site "Lynnwood, WA"]
[Date "2014.11.30"]
[Round "6"]
[White "Doknjas John  (CAN)"]
[Black "Kalina Chris  (MN)"]
[Result "1/2-1/2"]
[WhiteElo "2270"]
[BlackElo "2103"]
[Annotator ""]
[Source ""]
[Remark "Master"]

1.d4 d5 2.c4 c6 3.cxd5 cxd5 4.Bf4 Nc6 5.e3 Qb6 6.Nc3 Nf6 7.Bd3
a6 8.Nge2 Bg4 9.f3 Bd7 10.a3 e6 11.Na4 Qa7 12.Rc1 Be7 13.b4 b6
14.O-O O-O 15.Rc3 Rfc8 16.h3 Nd8 17.Qb3 Bb5 18.Rfc1 Rxc3 19.Rxc3
Ne8 20.Nb2 1/2-1/2

[Event "Washington Class Championships"]
[Site "Lynnwood, WA"]
[Date "2014.11.30"]
[Round "6"]
[White "MacGregor Michael  (WA)"]
[Black "Sinanan Joshua  (WA)"]
[Result "0-1"]
[WhiteElo "2202"]
[BlackElo "2264"]
[Annotator ""]
[Source ""]
[Remark "Master"]

1.e4 c5 2.Nf3 e6 3.d4 cxd4 4.Nxd4 a6 5.c4 Nf6 6.Nc3 Bb4 7.Bd3
Nc6 8.Be3 Qa5 9.O-O Bxc3 10.bxc3 d6 11.c5 dxc5 12.Nb3 Qc7 13.Bxc5
e5 14.Qe2 b6 15.Ba3 Ne7 16.f4 O-O 17.fxe5 Qxe5 18.Nd4 Re8 19.Rae1
Ng6 20.Nf3 Qh5 21.Qf2 Bb7 22.Nd2 Rad8 23.Re3 Ne5 24.Qg3 Nfg4
25.Be2 Rxd2 26.h3 Rxe2 27.Rxe2 Nf6 28.Rfe1 Qg6 29.Qxg6 hxg6 30.Bd6
Nxe4 31.Bxe5 Rxe5 32.Re3 Kf8 33.Rb1 b5 34.a4 Bc6 35.axb5 axb5
36.Ra1 Rc5 37.Ra3 g5 38.Rd3 g6 39.Kh2 Ke7 40.Ra7+ Ke6 41.Ra3
f5 42.Kg1 f4 0-1

[Event "Washington Class Championships"]
[Site "Lynnwood, WA"]
[Date "2014.11.30"]
[Round "6"]
[White "Wu James  (WA)"]
[Black "Manivannan Arvind  (WA)"]
[Result "1/2-1/2"]
[WhiteElo "848"]
[BlackElo "726"]
[Annotator ""]
[Source ""]
[Remark "Class E"]

1.e4 e5 2.Nf3 Nc6 3.Bc4 h6 4.d3 Bc5 5.O-O Nf6 6.Nc3 d6 7.h3 O-O
8.Be3 Bxe3 9.fxe3 Be6 10.Nd5 a6 11.Nxf6+ Qxf6 12.Nd4 Qe7 13.Nxe6
fxe6 14.Qe2 b5 15.Bb3 Na5 16.d4 Nxb3 17.axb3 Rxf1+ 18.Rxf1 Rf8 1/2-1/2

[Event "Washington Class Championships"]
[Site "Lynnwood, WA"]
[Date "2014.11.30"]
[Round "5"]
[White "Feng Roland  (WA)"]
[Black "Sohal Tanraj  (CAN)"]
[Result "1-0"]
[WhiteElo "2292"]
[BlackElo "2133"]
[Annotator ""]
[Source ""]
[Remark "Master"]

1.d4 Nf6 2.c4 e6 3.Nc3 Bb4 4.Qc2 O-O 5.a3 Bxc3+ 6.Qxc3 b6 7.Nf3
Ne4 8.Qc2 Bb7 9.e3 d6 10.Bd3 f5 11.O-O Nd7 12.Nd2 Nxd2 13.Bxd2
Qg5 14.f3 e5 15.d5 c6 16.f4 exf4 17.Rxf4 Ne5 18.Bxf5 cxd5 19.Be6+
Kh8 20.Raf1 Qe7 21.cxd5 Ba6 22.R1f2 Ng6 23.Rf5 Ne5 24.Qc7 Qd8
25.Rxf8+ Qxf8 26.Rxf8+ Rxf8 27.h4 h5 28.Qxd6 Rf1+ 29.Kh2 Nc4
30.Qd8+ Kh7 31.Bg8+ Kg6 32.Qg5# 1-0

[Event "Washington Class Championships"]
[Site "Lynnwood, WA"]
[Date "2014.11.29"]
[Round "3"]
[White "Hasuike Mike  (OR)"]
[Black "Yeo Joey  (WA)"]
[Result "1-0"]
[WhiteElo "1500"]
[BlackElo "1403"]
[Annotator ""]
[Source ""]
[Remark "Class C"]

1.d4 d5 2.c3 Nf6 3.Nf3 Bg4 4.e3 e6 5.Be2 Bd6 6.Nbd2 O-O 7.h3
Bh5 8.Ne5 Bxe2 9.Qxe2 Qe8 10.f4 Nc6 11.O-O Ne4 12.Nxe4 dxe4 13.Nxc6
Qxc6 14.Bd2 Qb6 15.Be1 Rac8 16.Bf2 Rfd8 17.Bh4 Re8 18.f5 exf5
19.Rxf5 c5 20.Raf1 Rf8 21.Qg4 Kh8 22.Rxf7 Rg8 23.Rxg7 Rxg7 24.Qxc8+ 1-0

[Event "Washington Class Championships"]
[Site "Lynnwood, WA"]
[Date "2014.11.29"]
[Round "3"]
[White "Richards Jerrold  (WA)"]
[Black "Williams Antonio  (CO)"]
[Result "1-0"]
[WhiteElo "1480"]
[BlackElo "1375"]
[Annotator ""]
[Source ""]
[Remark "Class C"]

1.c4 Nf6 2.g3 g6 3.Bg2 Bg7 4.d4 O-O 5.Nf3 d6 6.O-O e6 7.Nc3 a6
8.a4 Nc6 9.a5 Bd7 10.e4 e5 11.dxe5 dxe5 12.Bg5 h6 13.Be3 Qe7
14.Nd5 Nxd5 15.cxd5 Na7 16.Qc1 Bb5 17.Rd1 Kh7 18.Bc5 Qd7 19.Bxf8
Rxf8 20.Qc5 Nc8 21.Nxe5 Bxe5 22.Qxf8 Bd6 23.Bh3 Qxh3 24.Qxf7+
Kh8 25.Qxg6 Be5 26.Rac1 Be2 27.Qe8+ Kh7 28.Qxe5 Ne7 29.Qxe7+
Kh8 30.Qf6+ Kg8 31.Qe6+ 1-0

[Event "Washington Class Championships"]
[Site "Lynnwood, WA"]
[Date "2014.11.29"]
[Round "3"]
[White "Le Blanc Paul  (CAN)"]
[Black "Mitchell Mika  (WA)"]
[Result "1-0"]
[WhiteElo "1882"]
[BlackElo "1848"]
[Annotator ""]
[Source ""]
[Remark "Class A"]

1.d4 d5 2.c4 Nc6 3.e3 e5 4.dxe5 d4 5.exd4 Bb4+ 6.Nc3 Qxd4 7.Qxd4
Nxd4 8.Bd3 Be6 9.Be3 O-O-O 10.O-O-O Bxc3 11.bxc3 Nc6 12.f4 Nge7
13.Nf3 h6 14.Nd4 Nxd4 15.Bxd4 b6 16.Rd2 c5 17.Bf2 g6 18.Bh4 Rhe8
19.h3 h5 20.Rhd1 Rd7 21.Bxe7 Rexe7 22.Be2 Rxd2 23.Rxd2 Rd7 24.g4
hxg4 25.Rxd7 Kxd7 26.Bxg4 Bxg4 27.hxg4 Ke6 28.Kd2 f6 29.exf6
Kxf6 30.Ke3 Ke6 31.Ke4 a6 32.a4 1-0

[Event "Washington Class Championships"]
[Site "Lynnwood, WA"]
[Date "2014.11.29"]
[Round "3"]
[White "Bishop Alan  (WA)"]
[Black "Greninger Harley  (WA)"]
[Result "0-1"]
[WhiteElo "2000"]
[BlackElo "2163"]
[Annotator ""]
[Source ""]
[Remark "Master"]

1.e4 c5 2.Nf3 e6 3.Nc3 Nf6 4.d4 cxd4 5.Nxd4 Bb4 6.Bd3 Nc6 7.Nxc6
dxc6 8.e5 Nd7 9.f4 Nc5 10.O-O Nxd3 11.cxd3 b6 12.Ne4 Qd4+ 13.Kh1
Ba6 14.Rf3 O-O-O 15.Nf2 Bb7 16.Qc2 Be7 17.Be3 Qd7 18.a4 c5 19.Rg3
Bh4 20.b4 Bxg3 21.hxg3 Qd5 22.Rg1 Kb8 23.bxc5 bxc5 24.Bxc5 Rc8
25.d4 Qxd4 26.Rc1 Qd5 27.Nd3 Rhd8 28.Nb4 Rxc5 0-1

[Event "Washington Class Championships"]
[Site "Lynnwood, WA"]
[Date "2014.11.29"]
[Round "3"]
[White "Kenney Jason  (CAN)"]
[Black "Szabo Marcell  (WA)"]
[Result "0-1"]
[WhiteElo "2158"]
[BlackElo "2172"]
[Annotator ""]
[Source ""]
[Remark "Master"]

1.c4 Nf6 2.g3 g6 3.Bg2 Bg7 4.Nc3 d6 5.e4 O-O 6.Nge2 c5 7.O-O
Nc6 8.d3 a6 9.h3 Rb8 10.a4 Bd7 11.Be3 Nb4 12.d4 cxd4 13.Nxd4
Qc8 14.g4 Qxc4 15.f4 Nd3 16.Qd2 Rbc8 17.Nde2 Nc5 18.Bxc5 Qxc5+
19.Kh1 Rfd8 20.g5 Nh5 21.Kh2 Bc6 22.Bf3 e6 23.Bxh5 gxh5 24.Ng3
h4 25.Nh5 d5 26.Qe1 dxe4 0-1

[Event "Washington Class Championships"]
[Site "Lynnwood, WA"]
[Date "2014.11.28"]
[Round "1"]
[White "MacGregor Logan  (WA)"]
[Black "Truluck Maxwell  (WA)"]
[Result "1-0"]
[WhiteElo "1555"]
[BlackElo "1479"]
[Annotator ""]
[Source ""]
[Remark "Class C"]

1.Nf3 c5 2.e4 Nc6 3.c3 Nf6 4.d3 d6 5.Be2 g6 6.h3 Bg7 7.Na3 O-O
8.Nc2 e6 9.O-O d5 10.e5 Nd7 11.d4 c4 12.Bg5 f6 13.exf6 Nxf6 14.Qc1
Qc7 15.Bh6 e5 16.dxe5 Nxe5 17.Bxg7 Kxg7 18.Ncd4 Nxf3+ 19.Bxf3
Qf7 20.Qf4 Ne4 21.Qxf7+ Rxf7 22.Rfe1 Re7 23.Rad1 Bd7 24.Nc2 Ba4
25.Re2 Bc6 26.Ne3 Rd8 27.Nxc4 Bb5 28.Rxe4 dxe4 29.Rxd8 exf3 30.Ne3
fxg2 31.Kxg2 Bc6+ 32.Kg3 Rd7 33.Rxd7+ Bxd7 34.Ng4 Be6 35.a3 h5
36.Ne5 Kf6 37.Nf3 g5 38.h4 gxh4+ 39.Kxh4 Bg4 40.Nd4 Kg6 41.f3
Bd7 42.Ne2 Bc6 43.Nd4 Bd5 44.b3 b6 45.c4 Bb7 46.f4 Be4 47.b4
Bf5 48.Nxf5 Kxf5 49.c5 Ke6 50.Kxh5 bxc5 51.bxc5 Kd5 52.Kg6 Kxc5
53.f5 a5 54.f6 Kc4 55.f7 Kb3 56.f8Q Ka4 57.Qa8 Kb5 58.Qe4 a4
59.Qb4+ Kc6 60.Qa5 Kd6 61.Kf6 Kc6 62.Ke5 Kb7 63.Kd5 Kb8 64.Kc6 1-0

[Event "Washington Class Championships"]
[Site "Lynnwood, WA"]
[Date "2014.11.29"]
[Round "2"]
[White "Piper August  (WA)"]
[Black "MacGregor Logan  (WA)"]
[Result "1/2-1/2"]
[WhiteElo "1500"]
[BlackElo "1559"]
[Annotator ""]
[Source ""]
[Remark "Class C"]

1.Nf3 g6 2.g3 d5 3.c4 e6 4.Qc2 Bg7 5.Bg2 dxc4 6.Na3 Ne7 7.Nxc4
Bd7 8.Nfe5 Nbc6 9.Nxd7 Qxd7 10.a3 Nd5 11.Rb1 O-O 12.b4 Nd4 13.Qd3
Rad8 14.Bb2 b5 15.Ne3 Nb6 16.O-O Qe8 17.Bxd4 Rxd4 18.Qc2 Nc4
19.Nxc4 Rxc4 20.Qb3 Qd7 21.Rfd1 Rd8 22.Bf1 Rd4 23.d3 a6 24.e3
Rd5 25.d4 e5 26.Bg2 Rd6 27.d5 c6 28.e4 cxd5 29.Rxd5 Bh6 30.Rbd1
Qc7 31.Rxd6 Rxd6 32.Rxd6 Qxd6 33.Qd5 Bf8 1/2-1/2

[Event "Washington Class Championships"]
[Site "Lynnwood, WA"]
[Date "2014.11.29"]
[Round "3"]
[White "MacGregor Logan  (WA)"]
[Black "Zhang Cheyenne  (WA)"]
[Result "1/2-1/2"]
[WhiteElo "1559"]
[BlackElo "1408"]
[Annotator ""]
[Source ""]
[Remark "Class C"]

1.Nf3 d5 2.d4 Nf6 3.c4 e6 4.g3 c6 5.cxd5 cxd5 6.Bg2 Nbd7 7.O-O
Bd6 8.Nc3 O-O 9.Qc2 b6 10.e4 dxe4 11.Nxe4 Nxe4 12.Qxe4 Ba6 13.Bg5
Nf6 14.Bxf6 Qxf6 15.Rfc1 Rac8 16.Ne5 Qg5 17.f4 Qe7 18.Nc6 Qd7
19.b4 Bb5 20.a4 Bxc6 21.Rxc6 Rxc6 22.Qxc6 Qxc6 23.Bxc6 Bxb4 24.d5
exd5 25.Bxd5 Rd8 26.Bc6 Kf8 27.Ra2 Ke7 28.Re2+ Kf6 29.Kg2 Rd6
30.Rc2 Bc5 31.Bb5 h6 32.a5 Rd4 33.axb6 axb6 34.Rb2 g5 35.fxg5+
hxg5 36.Kf3 g4+ 37.Kg2 Kf5 38.h3 gxh3+ 39.Kxh3 Ke4 40.g4 Rd1
41.Bc6+ Kf4 42.Rb3 Rf1 43.Bb7 1/2-1/2

[Event "Washington Class Championships"]
[Site "Lynnwood, WA"]
[Date "2014.11.29"]
[Round "4"]
[White "Gorantla Surya  (WA)"]
[Black "MacGregor Logan  (WA)"]
[Result "0-1"]
[WhiteElo "1404"]
[BlackElo "1559"]
[Annotator ""]
[Source ""]
[Remark "Class C"]

1.c4 Nf6 2.g3 g6 3.Nc3 Bg7 4.Bg2 c6 5.Nf3 d5 6.cxd5 cxd5 7.d4
O-O 8.O-O Nc6 9.a3 e6 10.e3 b6 11.b4 Bb7 12.Rb1 Rc8 13.Bd2 Ne8
14.Qe2 Nd6 15.Bc1 Nxb4 16.Rxb4 Rxc3 17.Qb2 Qc7 18.Bd2 Rc2 19.Qb3
Ne4 20.Rd1 Nxd2 21.Nxd2 Rc8 22.Nf1 Bf8 23.Rb5 Rc3 24.Qb1 Rxa3
25.Rb3 Rxb3 26.Qxb3 Qc2 27.Qxc2 Rxc2 28.Ra1 a5 29.Rb1 Bb4 30.Bf3
Ba6 31.Bd1 Rc6 32.g4 Bd3 33.Ra1 b5 34.Ng3 a4 35.Bxa4 bxa4 36.Rxa4
Rc1+ 37.Kg2 Be1 38.Ra2 Rc2 39.Rxc2 Bxc2 40.Kf1 Bb4 41.Ke2 Kf8
42.f4 f5 43.gxf5 Bxf5 44.Nf1 Kg7 45.Nd2 Bxd2 46.Kxd2 Kh6 47.Ke2
Kh5 48.Kf2 Kh4 49.Kg2 Bh3+ 50.Kf3 h6 51.Kf2 Kg4 52.Ke2 Kf5 53.Kf3
Bg4+ 54.Kg3 Bh5 55.h4 Ke4 0-1

[Event "Washington Class Championships"]
[Site "Lynnwood, WA"]
[Date "2014.11.29"]
[Round "3"]
[White "Patterson Roger  (CAN)"]
[Black "Doknjas Joshua  (CAN)"]
[Result "1/2-1/2"]
[WhiteElo "2141"]
[BlackElo "2203"]
[Annotator ""]
[Source ""]
[Remark "Master"]

1.c4 c5 2.g3 Nc6 3.Bg2 g6 4.Nf3 Bg7 5.O-O e6 6.d3 Nge7 7.e4 O-O
8.Nc3 d6 9.Be3 e5 10.Nd2 f5 11.f4 Be6 12.Nd5 exf4 13.gxf4 Qd7
14.Rb1 Rfe8 15.Bf2 Bf7 16.Nf3 h6 17.Qd2 fxe4 18.dxe4 Nxd5 19.cxd5
Ne7 20.Rbd1 Qa4 21.Rfe1 Qxa2 22.e5 Nxd5 23.Nh4 Nxf4 24.Qxf4 g5
25.Qd2 gxh4 26.exd6 Rxe1+ 27.Rxe1 Qc4 28.Bxb7 Rd8 29.Re4 Qb5
30.Bd5 Bxd5 31.Qxd5+ Kh8 32.Qxc5 Qxb2 33.Rxh4 Rg8 34.Rg4 Rf8
35.d7 Qb1+ 36.Kg2 Qb7+ 37.Kg1 Qxd7 38.h3 Qd1+ 39.Kg2 Qf3+ 40.Kg1
Rd8 41.Kh2 Rd2 42.Rg2 Re2 43.Qxa7 Qf8 44.Bg3 Rxg2+ 1/2-1/2

[Event "Washington Class Championships"]
[Site "Lynnwood, WA"]
[Date "2014.11.29"]
[Round "2"]
[White "Clark Ryan  (WA)"]
[Black "Smith Andrew  (WA)"]
[Result "0-1"]
[WhiteElo "986"]
[BlackElo "1213"]
[Annotator ""]
[Source ""]
[Remark "Class D"]

1.e4 c5 2.Nc3 g6 3.Bc4 Bg7 4.Nf3 Nc6 5.O-O e6 6.d3 Nf6 7.Be3
d6 8.Qd2 O-O 9.Bh6 Re8 10.Bxg7 Kxg7 11.d4 cxd4 12.Nxd4 Qb6 13.Nxc6
bxc6 14.Qxd6 Bb7 15.Na4 Rad8 16.Nxb6 Rxd6 17.Na4 Nxe4 18.f3 Nd2
19.Rfd1 Nxc4 20.Nc5 Ba8 21.b3 Rxd1+ 22.Rxd1 Ne3 23.Rd2 e5 24.Na6
Bb7 25.Nc5 Bc8 26.Ne4 Be6 27.Nd6 Rb8 28.Kf2 Nd5 29.c4 Nf6 30.Re2
Nd7 0-1

[Event "Washington Class Championships"]
[Site "Lynnwood, WA"]
[Date "2014.11.28"]
[Round "2"]
[White "Le Blanc Paul  (CAN)"]
[Black "Dhingra Sangeeta  (WA)"]
[Result "1/2-1/2"]
[WhiteElo "1882"]
[BlackElo "1816"]
[Annotator ""]
[Source ""]
[Remark "Class A"]

1.d4 Nf6 2.c4 e6 3.g3 d5 4.Bg2 Be7 5.Nf3 Nbd7 6.O-O O-O 7.Qc2
c5 8.Bf4 b6 9.Nc3 Bb7 10.cxd5 Nxd5 11.Nxd5 exd5 12.Rfd1 c4 13.a4
Rc8 14.Bh3 g6 15.Bh6 Re8 16.Ne5 f5 17.f4 Nf6 18.e3 Ne4 19.g4
Bf8 20.Bxf8 Rxf8 21.gxf5 gxf5 22.Kh1 Qh4 23.Qg2+ Kh8 24.Rf1 Rc7
25.Rf3 Rg7 26.Qe2 c3 27.bxc3 a6 28.Qe1 Qxe1+ 29.Rxe1 Nxc3 1/2-1/2

[Event "Washington Class Championships"]
[Site "Lynnwood, WA"]
[Date "2014.11.29"]
[Round "3"]
[White "Cohen Jed  (WA)"]
[Black "Anand Vignesh  (WA)"]
[Result "1/2-1/2"]
[WhiteElo "1315"]
[BlackElo "1040"]
[Annotator ""]
[Source ""]
[Remark "Class D"]

1.d4 Nf6 2.c4 c6 3.Nc3 d5 4.e3 Bf5 5.Nf3 Qc7 6.Bd3 Bxd3 7.Qxd3
Nbd7 8.Bd2 e6 9.O-O e5 10.e4 dxe4 11.Nxe4 Rd8 12.Qc2 Be7 13.Bc3
exd4 14.Bxd4 c5 15.Bc3 O-O 16.Rfe1 Rfe8 17.Rad1 Nxe4 18.Qxe4
Rc8 1/2-1/2

[Event "Washington Class Championships"]
[Site "Lynnwood, WA"]
[Date "2014.11.29"]
[Round "1"]
[White "Borthwick Andrew  (WA)"]
[Black "Deng Samuel  (WA)"]
[Result "0-1"]
[WhiteElo "761"]
[BlackElo "824"]
[Annotator ""]
[Source ""]
[Remark "Class E"]

1.d4 Nf6 2.Nc3 d5 3.Bf4 c6 4.Qd3 Bg4 5.f3 Bh5 6.O-O-O e6 7.e4
Bg6 8.Qe3 Be7 9.Bd3 Nh5 10.Be5 Nd7 11.g4 Bg5 12.f4 Nxe5 13.gxh5
Bxh5 14.Rf1 Nxd3+ 15.Qxd3 Be7 16.e5 Bg6 17.Qg3 O-O 18.Nge2 Bf5
19.h4 h5 20.Qg2 Rc8 21.Ng3 g6 22.Nxh5 Kh7 23.Ng3 Bg4 24.h5 g5
25.h6 gxf4 26.Rxf4 Bg5 27.Kb1 Bxf4 28.Nh5 f5 29.exf6 Rg8 0-1

[Event "Washington Class Championships"]
[Site "Lynnwood, WA"]
[Date "2014.11.29"]
[Round "3"]
[White "Pogrebinsky Daniel  (WA)"]
[Black "Hendricks David  (WA)"]
[Result "1-0"]
[WhiteElo "1551"]
[BlackElo "1760"]
[Annotator ""]
[Source ""]
[Remark "Class B"]

1.e4 c5 2.Nf3 Nc6 3.Bb5 e6 4.O-O Nge7 5.c3 a6 6.Bxc6 Nxc6 7.d4
cxd4 8.cxd4 g6 9.Bg5 Qb6 10.Bf6 Qxb2 11.Bxh8 Qxa1 12.Qb3 Bb4
13.Ne1 a5 14.Nc2 a4 15.Qxb4 Nxb4 16.Nxa1 Nxa2 17.Nc2 b5 18.d5
b4 19.dxe6 dxe6 20.Bf6 Bb7 21.f3 Rc8 22.Rd1 b3 23.Nca3 Rc1 24.Rxc1
Nxc1 25.Nc3 Nd3 26.Nxa4 Kd7 27.Kf1 Kc6 28.g3 Ba6 29.Kg2 Bb5 30.Nc3
Ba6 31.Be7 Kb6 32.Kh3 Ne1 33.Kg4 h5+ 34.Kf4 Nc2 35.Nab1 Ne1 36.Nd2
Nd3+ 37.Kg5 b2 38.Kf6 Nc1 39.Kxf7 Bd3 40.Na4+ 1-0

[Event "Washington Class Championships"]
[Site "Lynnwood, WA"]
[Date "2014.11.29"]
[Round "3"]
[White "Davis Frederick  (WA)"]
[Black "Dutton Carl  (WA)"]
[Result "1-0"]
[WhiteElo "1865"]
[BlackElo "1705"]
[Annotator ""]
[Source ""]
[Remark "Class A"]

1.e4 c5 2.Nf3 e6 3.d4 cxd4 4.Nxd4 a6 5.Bd3 Nf6 6.O-O Qc7 7.c4
Be7 8.Nc3 d6 9.Be3 Nbd7 10.h3 O-O 11.Qe2 Re8 12.Nf3 Bf8 13.Rfd1
b6 14.Rac1 Bb7 15.Bb1 Rac8 16.b3 Nc5 17.Nd2 Bc6 18.f3 Red8 19.Nf1
Rb8 20.Bd3 Nxd3 21.Qxd3 Nd7 22.Bg5 Rdc8 23.Bf4 e5 24.Be3 Nc5
25.Qe2 Qb7 26.Nd5 Bxd5 27.Rxd5 Ne6 28.Ng3 Nc7 29.Rdd1 g6 30.Qd3
b5 31.Ne2 bxc4 32.Rxc4 Ne6 33.Rdc1 Rxc4 34.Rxc4 Rc8 35.Qc2 Rxc4
36.Qxc4 Nc5 37.Nc3 a5 38.Nd5 Kh8 39.Bd2 Qa7 40.Kh1 Ne6 41.Qb5
Qf2 42.Qxa5 Nd4 43.Be3 Qf1+ 44.Kh2 Nxf3+ 45.gxf3 Qxf3 46.Qd8
Qe2+ 47.Kg3 Qe1+ 48.Bf2 1-0

[Event "Washington Class Championships"]
[Site "Lynnwood, WA"]
[Date "2014.11.30"]
[Round "5"]
[White "Tiglon Bryce  (WA)"]
[Black "Greninger Harley  (WA)"]
[Result "1-0"]
[WhiteElo "2244"]
[BlackElo "2163"]
[Annotator ""]
[Source ""]
[Remark "Master"]

1.e4 e6 2.d4 d5 3.Nd2 c5 4.exd5 exd5 5.Ngf3 Nf6 6.Bb5+ Bd7 7.Bxd7+
Nbxd7 8.O-O Be7 9.dxc5 Nxc5 10.Re1 O-O 11.Nf1 Nce4 12.Be3 Re8
13.Bd4 b6 14.Ne3 Bc5 15.c3 a5 16.Qd3 Qd7 17.Re2 Rad8 18.Rae1
Qc6 19.Kf1 Kf8 20.h3 h6 21.Kg1 Re6 22.Be5 Qe8 23.Bh2 Bxe3 24.Rxe3
Nc5 25.Qc2 Re4 26.Nd4 Qa4 27.Bc7 Rc8 28.Bxb6 Qxa2 29.Bxc5+ Rxc5
30.f3 Rxd4 31.Qh7 Rc8 32.Qh8+ Ng8 33.cxd4 Qxb2 34.Qh7 Qxd4 35.Qb1
Nf6 36.Qa1 Qxa1 37.Rxa1 Ra8 38.Rea3 Ke7 39.Rxa5 Rxa5 40.Rxa5
h5 41.Kf2 Kd6 42.Ke3 Nd7 43.Kd4 Nf6 44.Ra6+ Ke7 45.Ke5 Kf8 46.Rxf6
gxf6+ 47.Kxd5 Kg7 48.Ke4 Kg6 49.h4 f5+ 50.Ke5 f4 51.Kxf4 Kf6
52.g3 Kg6 53.Ke5 1-0

[Event "Washington Class Championships"]
[Site "Lynnwood, WA"]
[Date "2014.11.30"]
[Round "6"]
[White "Cross Jason  (WA)"]
[Black "Truluck Maxwell  (WA)"]
[Result "1-0"]
[WhiteElo "1528"]
[BlackElo "1479"]
[Annotator ""]
[Source ""]
[Remark "Class C"]

1.c4 e5 2.Nc3 d6 3.g3 Be6 4.d3 Nc6 5.Bg2 Qd7 6.Rb1 Nf6 7.b4 d5
8.b5 Na5 9.Qa4 dxc4 10.Qxa5 cxd3 11.Bxb7 Rd8 12.Bc6 1-0

[Event "Washington Class Championships"]
[Site "Lynnwood, WA"]
[Date "2014.11.30"]
[Round "5"]
[White "Yeo Noah  (WA)"]
[Black "Mitchell Mika  (WA)"]
[Result "1/2-1/2"]
[WhiteElo "1731"]
[BlackElo "1848"]
[Annotator ""]
[Source ""]
[Remark "Class A"]

1.e4 d5 2.exd5 Nf6 3.Nc3 c6 4.dxc6 Nxc6 5.Nf3 e5 6.d3 Bc5 7.Be2
O-O 8.O-O Re8 9.Ne4 Nxe4 10.dxe4 Qb6 11.Bc4 Be6 12.Bxe6 Rxe6
13.c3 a5 14.Qe2 Rd8 15.Ne1 Red6 16.Nc2 Ne7 17.Ne3 Qc7 1/2-1/2

[Event "Washington Class Championships"]
[Site "Lynnwood, WA"]
[Date "2014.11.30"]
[Round "5"]
[White "Yee Nathaniel  (WA)"]
[Black "Bonrud Neal  (WA)"]
[Result "1/2-1/2"]
[WhiteElo "1785"]
[BlackElo "1720"]
[Annotator ""]
[Source ""]
[Remark "Class B"]

1.e4 d5 2.exd5 Qxd5 3.Nc3 Qd6 4.d4 Nf6 5.Nf3 c6 6.Be2 Bf5 7.Bg5
e6 8.O-O Nbd7 9.Re1 Qc7 10.Qd2 Bd6 11.Bh4 Bf4 12.Qd1 Bg4 13.Bg3
Bxg3 14.hxg3 O-O-O 15.Ng5 Bxe2 16.Qxe2 Rhf8 17.Nce4 h6 18.Nf3
Nxe4 19.Qxe4 Nf6 20.Qe2 Rd6 21.c4 Rfd8 22.b4 Kb8 23.a4 Ka8 24.Qe3
R6d7 25.Rec1 Ng4 26.Qe4 Nf6 27.Qe3 Ng4 1/2-1/2

[Event "Washington Class Championships"]
[Site "Lynnwood, WA"]
[Date "2014.11.30"]
[Round "5"]
[White "Ramesh Jothi  (WA)"]
[Black "Sullivan Brian  (CAN)"]
[Result "1-0"]
[WhiteElo "1699"]
[BlackElo "1618"]
[Annotator ""]
[Source ""]
[Remark "Class B"]

1.Nf3 d5 2.c4 e6 3.d4 Nf6 4.Bg5 c6 5.Nbd2 Be7 6.Bxf6 Bxf6 7.e4
dxe4 8.Nxe4 Be7 9.c5 Nd7 10.b4 Nf6 11.Nxf6+ Bxf6 12.Bc4 O-O 13.O-O
Qc7 14.Qc2 Rd8 15.Rad1 a5 16.a3 axb4 17.axb4 Bd7 18.Rfe1 Ra3
19.Re3 Rda8 20.Qb2 R3a4 21.Ne5 Be8 22.Qc3 b5 23.Bb3 Ra3 24.Qc2
Ra1 25.Ree1 Rxd1 26.Qxd1 Ra3 27.f4 Qa7 28.Bc2 Rc3 29.Be4 Bxe5
30.dxe5 Qd7 31.Qxd7 Bxd7 32.Rd1 Be8 33.Rd8 1-0

[Event "Washington Class Championships"]
[Site "Lynnwood, WA"]
[Date "2014.11.30"]
[Round "5"]
[White "Villavieja Butch  (PHI)"]
[Black "Patterson Roger  (CAN)"]
[Result "1-0"]
[WhiteElo "2226"]
[BlackElo "2141"]
[Annotator ""]
[Source ""]
[Remark "Master"]

1.e4 e5 2.Nf3 Nc6 3.Bb5 a6 4.Ba4 Nf6 5.O-O b5 6.Bb3 Bc5 7.c3
d6 8.h3 Bb7 9.Re1 Bb6 10.d3 Ne7 11.Nbd2 O-O 12.Nf1 h6 13.Nh4
Re8 14.Ng3 d5 15.Nh5 Qd6 16.exd5 Bxd5 17.Bxd5 Nfxd5 18.Qg4 g5
19.Bxg5 hxg5 20.Qxg5+ Ng6 21.Nf5 Qf8 22.c4 1-0

[Event "Washington Class Championships"]
[Site "Lynnwood, WA"]
[Date "2014.11.29"]
[Round "3"]
[White "Nagase Toshihiro  (WA)"]
[Black "Yang Jason  (WA)"]
[Result "1-0"]
[WhiteElo "1983"]
[BlackElo "1852"]
[Annotator ""]
[Source ""]
[Remark "Expert"]

1.d4 Nf6 2.c4 g6 3.Nc3 Bg7 4.e4 d6 5.f3 O-O 6.Be3 e5 7.d5 Nbd7
8.Qd2 Ne8 9.g4 c6 10.Nge2 h5 11.gxh5 Qh4+ 12.Ng3 Qf6 13.Be2 gxh5
14.Nxh5 Qh4+ 15.Ng3 Nb6 16.O-O-O f5 17.Bg5 Qh7 18.exf5 Bxf5 19.Nxf5
Qxf5 20.Rdf1 cxd5 21.cxd5 Rc8 22.Bd3 Qf7 23.Kb1 Kh8 24.Bh6 Rg8
25.Bxg7+ Qxg7 26.Rhg1 Qf6 27.Rxg8+ Kxg8 28.f4 Nc4 29.Qg2+ Ng7
30.fxe5 Qxe5 31.Rg1 Qd4 32.Qg6 Nb6 33.Qh7+ Kf7 34.Rf1+ Ke7 35.Re1+
Kf7 36.Bg6+ Kf6 37.Rf1+ Kg5 38.Ne4+ Kg4 39.h3# 1-0